|
|
|
|
| LEADER |
01655cas a2200241 a 4500 |
| 001 |
AALejournalIMF002649 |
| 008 |
230101c9999 xx r poo 0 0eng d |
| 020 |
|
|
|c 5.00 USD
|
| 020 |
|
|
|z 9781451829969
|
| 022 |
|
|
|a 1934-7685
|
| 040 |
|
|
|a BD-DhAAL
|c BD-DhAAL
|
| 110 |
2 |
|
|a International Monetary Fund.
|
| 245 |
1 |
0 |
|a Nepal :
|b Statistical Appendix.
|
| 264 |
|
1 |
|a Washington, D.C. :
|b International Monetary Fund,
|c 2003.
|
| 300 |
|
|
|a 1 online resource (40 pages)
|
| 490 |
1 |
|
|a IMF Staff Country Reports
|
| 500 |
|
|
|a <strong>Off-Campus Access:</strong> No User ID or Password Required
|
| 500 |
|
|
|a <strong>On-Campus Access:</strong> No User ID or Password Required
|
| 506 |
|
|
|a Electronic access restricted to authorized BRAC University faculty, staff and students
|
| 520 |
3 |
|
|a This Statistical Appendix paper for the periods between 1996/97 and 2001/02 for Nepal discusses both nominal and real gross domestic product by sector; savings and investments; agricultural production and yields; Manufacturing Production Indices; energy consumption; tourism indicators; Consumer Price Index; summary of government operations; central government expenditure by economic classification; profits and losses of selected nonfinancial public enterprises; assets and liabilities of commercial banks and companies; balance of payments; composition of foreign trade and exports; summary of tax system; and other statistical data.
|
| 538 |
|
|
|a Mode of access: Internet
|
| 830 |
|
0 |
|a IMF Staff Country Reports; Country Report ;
|v No. 2003/284
|
| 856 |
4 |
0 |
|z Full text available on IMF
|u http://elibrary.imf.org/view/journals/002/2003/284/002.2003.issue-284-en.xml
|z IMF e-Library
|